Normal view
MARC view
Entry Personal Name
001 - CONTROL NUMBER
- control field: 51316
003 - CONTROL NUMBER IDENTIFIER
- control field: ARRUPE
005 - DATE AND TIME OF LATEST TRANSACTION
- control field: 20220411122645.0
008 - FIXED-LENGTH DATA ELEMENTS
- fixed length control field: 220411|| aca||aabn | a|a d
040 ## - CATALOGING SOURCE
- Original cataloging agency: ARRUPE
- Transcribing agency: ARRUPE
100 ## - HEADING--PERSONAL NAME
- Personal name: Aczel D.Amir
670 ## - SOURCE DATA FOUND
- Source citation: Work cat.: (ARRUPE)131300: Aczel D.Amir, Descartes' secret notebook;, 2005.